000 00369nam a2200133Ia 4500
008 220204s9999 xx 000 0 und d
082 _a542.61
_bCRE
100 _aCresser, Malcolm S
245 0 _aSolvent extraction in flame spectroscopic analysis
260 _aLondon
_bButterworth
_c1978
650 _aFlame spectrometry
650 _aSolvent extraction
942 _cBK
999 _c31672
_d31672